01275cam a2200265 a 450000100090000000300040000900500170001300800410003001000170007102000250008803500240011304000470013705000200018408200160020410000320022024500870025225000120033926000330035130000330038450400510041750504560046865000310092465000260095570000280098115980739OSt20180117085939.0091112s2011 caua b 001 0 eng  a 2009047929 a9781412974578 (pbk.) a(OCoLC)ocn460052638 aDLCcDLCdBTCTAdYDXCPdC#PdBWXdCDXdDLC00aH62b.H478 201100a001.4/22221 aHesse-Biber, Sharlene Nagy.14aThe practice of qualitative research /cSharlene Nagy Hesse-Biber, Patricia Leavy. a2nd ed. aLos Angeles :bSAGE,cc2011. axx, 400 p. :bill. ;c26 cm. aIncludes bibliographical references and index.0 aAn invitation to qualitative research -- Approaches to qualitative research -- Designing qualitative approaches to research -- The ethics of social research -- In-depth interview -- Oral history -- Focus group interviews -- Ethnography -- Content analysis and unobtrusive methods -- Case study -- Mixed methods research -- Analysis and interpretation of qualitative data -- The writing and representation of qualitative research -- The research nexus. 0aSocial sciencesxResearch. 0aQualitative research.1 aLeavy, Patricia,d1975-